|
|
|
|
| LEADER |
01826cas a2200241 a 4500 |
| 001 |
AALejournalIMF018461 |
| 008 |
230101c9999 xx r poo 0 0eng d |
| 020 |
|
|
|c 5.00 USD
|
| 020 |
|
|
|z 9781484354513
|
| 022 |
|
|
|a 1934-7685
|
| 040 |
|
|
|a BD-DhAAL
|c BD-DhAAL
|
| 110 |
2 |
|
|a International Monetary Fund.
|b African Dept.
|
| 245 |
1 |
0 |
|a Malawi :
|b Selected Issues.
|
| 264 |
|
1 |
|a Washington, D.C. :
|b International Monetary Fund,
|c 2018.
|
| 300 |
|
|
|a 1 online resource (36 pages)
|
| 490 |
1 |
|
|a IMF Staff Country Reports
|
| 500 |
|
|
|a <strong>Off-Campus Access:</strong> No User ID or Password Required
|
| 500 |
|
|
|a <strong>On-Campus Access:</strong> No User ID or Password Required
|
| 506 |
|
|
|a Electronic access restricted to authorized BRAC University faculty, staff and students
|
| 520 |
3 |
|
|a This Selected Issues paper benchmarks Malawi's public spending and identifies areas where there is scope to improve expenditure efficiency. Malawi performs poorly in health and education spending efficiency. Spending in these areas will need to be stepped up to achieve better living standards and higher, more inclusive growth. A rebalancing of the composition of education and health spending-including greater prioritization of low cost-high impact spending and balancing maintenance against capital spending-would yield immediate results in both health and education. Strengthening the public expenditure management chain, especially procurement and supply management, will be important. These reforms would go hand in hand with greater fiscal transparency and accountability in these sectors.
|
| 538 |
|
|
|a Mode of access: Internet
|
| 830 |
|
0 |
|a IMF Staff Country Reports; Country Report ;
|v No. 2018/116
|
| 856 |
4 |
0 |
|z Full text available on IMF
|u http://elibrary.imf.org/view/journals/002/2018/116/002.2018.issue-116-en.xml
|z IMF e-Library
|